| 000 | 00595nam a22001817a 4500 | ||
|---|---|---|---|
| 999 |
_c17819 _d17819 |
||
| 008 | 190706b xxu||||| |||| 00| 0 eng d | ||
| 020 | _a1292022337 | ||
| 040 |
_aKABU _cKABU |
||
| 050 |
_aHD62.15 _b.G64 2014 c. 1 |
||
| 100 | _aGoetsch, David L. | ||
| 245 |
_aQuality management for organizational excellence _bintroduction to total quality _cDavid L. Goetsch, Stanley Davis |
||
| 250 | _a7th ed. | ||
| 260 |
_aEssex, England _bPearson Education Limited _c2014 |
||
| 300 | _aii, 468 p. | ||
| 650 | _2Total quality management | ||
| 700 | _aDavis, Stanley | ||
| 942 |
_2lcc _cBK _hHD62.15 |
||